000
00296nam a22001337a 4500
008
181221b xxu||||| |||| 00| 0 eng d
020
_a
9780321104137
041
_a
eng
080
_2
2nd
_a
371
100
_a
46
101
_a
EDU
245
_a
The Reader's Handbook
_c
Smith,B.D
942
_2
udc
_c
BK
999
_c
53658
_d
53658